01082 2200337 4500001002100000005001500021035002000036007000300056008004100059020002200100082001600122084001800138100002800156245015700184250003100341300002800372650001600400700003100416264004200447336002100489337003000510338002300540040002200563090002200585500003800607850001200645041001300657504003000670999002200700990002200722INLIS00000000087994020230712024258 a0010-0723000311ta230712s2023 yoi g 000 ind d a978-623-400-696-404223a297.125 a297.125 ARI k0 aArifin IdhamePengarang10aKitab hadis qudsi lengkap :bpesan-pesan agung dari sang maha penyayang untuk memandu kita sampai kepada-nya /cArifin Idham; penyunting, Arif Ishartadi aCetakan Pertama, Juni 2023 ax, 470 halaman ;c21 cm 4aHadis Qudsi0 aArif IshartadiePenyunting31aBantul :bAnak Hebat Indonesia,c2023 2rdacontentateks 2rdamediaatanpa perantara 2rdacarrieravolume aYOPDYOGbinderda aCB-D.11 2023-1222 ateks berbahasa Indonesia dan Arab aYOPDYOG aindhara aBibliografi : halaman 469 aCB-D.11/2023-1222 aCB-D.11/2023-1222